banner koha

Efeito da escarificacao sobre a germinacao de sementes de piraca (Schizolobium amazonicum)in vitro (Registro n. 291771)

MARC details
000 -LÍDER
campo de controle de tamanho fixo 00954nac a22003017a 4500
001 - NÚMERO DE CONTROLE
campo de controle BR0103397
003 - IDENTIFICADOR DO NÚMERO DE CONTROLE
campo de controle BR-BrBNA
005 - DATA E HORÁRIO DA ÚLTIMA TRANSAÇÃO
campo de controle 20240105122600.0
008 - CAMPO DE DADOS FIXOS--INFORMAÇÃO GERAL
campo de controle de tamanho fixo 230509b bl.|||m| |||| 00| 0 por d
040 ## - FONTE DA CATALOGAÇÃO
Instituição da catalogação original BR-BrBNA
Idioma da catalogação por
Instituição que transcreveu o registro Biblioteca Nacional de Agricultura
072 ## - CÓDIGO DE CATEGORIA DE ASSUNTO
Código de Categoria de Assunto F03; F02
090 ## - NÚMERO DE CHAMADA LOCAL
Número de chamada 3295 BR0103397
100 1# - ENTRADA PRINCIPAL--NOME PESSOAL
Nome pessoal Lameira, O.A.
100 1# - ENTRADA PRINCIPAL--NOME PESSOAL
Nome pessoal Gomes, A.P. do R.
100 1# - ENTRADA PRINCIPAL--NOME PESSOAL
Nome pessoal Lopes, S. da C.
100 1# - ENTRADA PRINCIPAL--NOME PESSOAL
Nome pessoal Leao, N.V.M.
110 1# - ENTRADA PRINCIPAL--NOME CORPORATIVO
Nome corporativo ou nome da jurisdição EMBRAPA Amazonia Oriental, Belem, PA (Brasil)
245 1# - TÍTULO
Título Efeito da escarificacao sobre a germinacao de sementes de piraca (Schizolobium amazonicum)in vitro
260 3# - PUBLICAÇÃO, DISTRIBUIÇÃO, ETC.
Local de publicação, distribuição, etc. Belem, PA (Brasil):
Data da publicação, distribuição, etc. 2000.
300 ## - DESCRIÇÃO FÍSICA
Extensão 3 p.
490 ## - TÍTULO DA SÉRIE
Título da série Comunicado Tecnico - EMBRAPA Amazonia Oriental (Brazil)
Número do volume ou designação sequencial da série no. 21
ISSN - International Standard Serial Number ISSN 1517-2244
650 ## - ASSUNTO--TERMO TÓPICO
Cabeçalho tópico ou nome geográfico Parica
650 ## - ASSUNTO--TERMO TÓPICO
Cabeçalho tópico ou nome geográfico Semente
650 ## - ASSUNTO--TERMO TÓPICO
Cabeçalho tópico ou nome geográfico Germinacao
650 ## - ASSUNTO--TERMO TÓPICO
Cabeçalho tópico ou nome geográfico Cultura In Vitro
909 ## -
-- 202312
-- Lúcia Elande
-- 55
-- Lúcia Elande
942 ## - ELEMENTOS DE ENTRADA ADICIONADOS (KOHA)
Fonte da classificação ou esquema de arquivamento na estante Classificação AGRIS
Ocultar no OPAC Não
Tipo de material Koha Monografia Seriada
Exemplares
Situação do descarte Fonte da classificação ou esquema de arquivamento na estante Situação física Não pode ser emprestado Coleção Biblioteca de origem Biblioteca atual Localização na estante Total de empréstimos Número de telefone completo Código de barras Data de último acesso Tipo de material Koha Fonte de aquisição
  Classificação AGRIS       Biblioteca Nacional de Agricultura - Binagri Biblioteca Nacional de Agricultura - Binagri Agrobase - Acervo Geral   3295 BR0103397 3295 BR0103397 18/12/2023 Monografia Seriada Portaria Interministerial nº 164/94

BINAGRI

Telefone: (61)3218-2567/2388/3357/2097 - binagri@agro.gov.br

Ministério da Agricultura e Pecuária , Esplanada dos Ministérios, Bloco D, Anexo B, Brasília/DF, CEP: 70.043-900